Near-Infrared Light-Responsive Molybdenum Disulfide Nanosheets for Controlling the Release of Nimodipine as NIR-Drug Delivery System

Here, we present a photothermally triggered drug delivery nanosystem MoS2-NIMO-CHIT-SH, using the thiolated chitosan (CHIT-SH)-modified molybdenum disulfide (MoS2) nanosheets as near-infrared (NIR) photo-responsive carriers, loaded with the dihydropyridine calcium antagonist drug Nimodipine (NIMO)....

Teljes leírás

Elmentve itt :
Bibliográfiai részletek
Szerzők: Abdelghafour Mohamed M.
Imre-Deák Ágota
Amin Keristina
Czimer Zsófia
Veronika Czike Flóra
Péter Viktória
Berkecz Róbert
Bari Ferenc
Janovák László
Dokumentumtípus: Cikk
Megjelent: 2025
Sorozat:MOLECULES 30 No. 3
Tárgyszavak:
doi:10.3390/molecules30030497

mtmt:35717581
Online Access:http://publicatio.bibl.u-szeged.hu/39562
LEADER 02349nab a2200325 i 4500
001 publ39562
005 20260306084903.0
008 260306s2025 hu o 000 eng d
022 |a 1431-5157 
024 7 |a 10.3390/molecules30030497  |2 doi 
024 7 |a 35717581  |2 mtmt 
040 |a SZTE Publicatio Repozitórium  |b hun 
041 |a eng 
100 1 |a Abdelghafour Mohamed M. 
245 1 0 |a Near-Infrared Light-Responsive Molybdenum Disulfide Nanosheets for Controlling the Release of Nimodipine as NIR-Drug Delivery System  |h [elektronikus dokumentum] /  |c  Abdelghafour Mohamed M. 
260 |c 2025 
300 |a 17 
490 0 |a MOLECULES  |v 30 No. 3 
520 3 |a Here, we present a photothermally triggered drug delivery nanosystem MoS2-NIMO-CHIT-SH, using the thiolated chitosan (CHIT-SH)-modified molybdenum disulfide (MoS2) nanosheets as near-infrared (NIR) photo-responsive carriers, loaded with the dihydropyridine calcium antagonist drug Nimodipine (NIMO). Although NIMO is used to treat stroke, migraine, Alzheimer’s disease, cerebrovascular spasms, and hypertension, this drug is poorly water-soluble, with low bioavailability and lack of selectivity. Thus, there is an urgent need for a novel approach to creating NIMO formulations that are safe, effective, and have better solubility and bioavailability. To overcome these problems, we develop a cationic biopolymer functionalized MoS2 nanosheets as a photothermal drug carrier system to facilitate the NIR light-induced release of NIMO drugs. MoS2 nanosheets (<150 nm) as NIMO drug carriers are prepared through simple exfoliation of their bulk phase and then functionalized with CHIT-SH biopolymer to increase their physiological stability and biocompatibility. According to the results, MoS2-NIMO-CHIT-SH nanocomposites show strong NIR absorbance, which makes them a promising candidate for photothermal therapy. 
650 4 |a Kémiai tudományok 
650 4 |a Általános orvostudomány 
700 0 2 |a Imre-Deák Ágota  |e aut 
700 0 2 |a Amin Keristina  |e aut 
700 0 2 |a Czimer Zsófia  |e aut 
700 0 2 |a Veronika Czike Flóra  |e aut 
700 0 2 |a Péter Viktória  |e aut 
700 0 2 |a Berkecz Róbert  |e aut 
700 0 2 |a Bari Ferenc  |e aut 
700 0 2 |a Janovák László  |e aut 
856 4 0 |u http://publicatio.bibl.u-szeged.hu/39562/1/35717581_molecules-30-00497.pdf  |z Dokumentum-elérés